02227cam a2200229 a 450000100100000000500170001000800410002702000150006804000250008308200170010811101000012524500870022524600280031224600320034026001100037230000280048250001120051050400410062250512370066365000700190070000270197000000280320200929150247.0060920s2005 sp a b 101 0dspa  a8479088397 aDO-SdBNPbspacBNPHU aPa860bC719d2 aColoquio Internacional Encuentros con la Literatura Paraguayad2003 :cUniversidad de Alicante)10aDos orillas y un encuentro :bla literatura paraguaya actual /cMar Langa Pizarro.3 a2 orillas y 1 encuentro30aLiteratura paraguaya actual aAlicante, España :bCentro de Estudios Iberoamericanos Mario Benedetti; Universidad de Alicante,c2005. a253 p. :bil. ;c24 cm. a"...el Coloquio Internacional Encuentros con la Literatura Paraguaya celebrado en diciembre de 2003"--P. 3. aIncluye referencias bibliográficas0 aLa palabra, entrada de sueños y pesadillas / Rubén Bareiro Saguier -- Qué escribimos hoy en Paraguay / Luis Hernáez -- Recuento de una vida al servicio de la palabra / Renee Ferrer -- Recuerdos y escritura ; Temas del revisionismo / Guido Rodríguez Alcalá -- Reflexiones sobre la narrativa paraguaya / Raquel Saguier -- Otra vuelta de tuerca a Roa / Trinidad Barrera -- Iconografías del Paraguay : un recorrido histórico-literario / María Gabriella Dionisi -- Las escritoras y la literatura paraguaya : primeras aportaciones a la narrativa / Teodosio Fernández -- La novela paraguaya del nuevo milenio / Mar Langa Pizarro -- Lectura de El pozo de Gabriel Casaccia / Francisco José López Alfonso -- Los jesuitas y su aportación a la historia del Paraguay : el caso del P. José Sánchez Labrador / Mario Martínez Gomis -- El portal de literatura paraguaya en la Biblioteca Virtual Miguel de Cervantes / Pedro Mendiola ONate -- Elvio Romero, Rubén Bareiro Saguier, Renée Ferrer, Jacobo Rauskin : calas de la poesía paraguaya / José Vicente Peiro Barco -- De encuentros y desencuentros paraguayos / José Carlos Rovira -- La paraguayidad en la cuentística de Josefina Pla / Sonja M. Steckbauer. 4aLiteratura paraguayay20th SIGLOxHistoria y críticavCONGRESOS1 aLanga Pizarro, M. Mar.